<?xml version="1.0" encoding="UTF-8"?>
<collection xmlns="http://www.loc.gov/MARC21/slim">
  <record>
    <leader>00000nam  2200000   4500</leader>
    <controlfield tag="001">INLIS000000000013029</controlfield>
    <controlfield tag="005">20220623011112</controlfield>
    <datafield tag="035" ind1="#" ind2="#">
      <subfield code="a">0010-0622000337</subfield>
    </datafield>
    <datafield tag="245" ind1="1" ind2="#">
      <subfield code="a">STANDAR PENGELOLAAN TEKNIS INFORMASI DAN DOKUMENTASI (TRANSFORMASI) PEMILU DAN PEMILIHAN PADA SUB BAGIAN TEKNIS DAN HUPMAS SEKRETARIAT KOMISI PEMILIHAN UMUM KABUPATEN KUTAI KARTANEGARA /</subfield>
      <subfield code="c">Ria Rosianna SImbolon, S.IP</subfield>
    </datafield>
    <datafield tag="100" ind1=" " ind2="#">
      <subfield code="a">SIMBOLON, Ria Rosianna</subfield>
    </datafield>
    <datafield tag="250" ind1="#" ind2="#">
      <subfield code="a">1</subfield>
    </datafield>
    <datafield tag="300" ind1="#" ind2="#">
      <subfield code="a">vi, 55 halaman ; lampiran :</subfield>
      <subfield code="b">ilustrasi ;</subfield>
      <subfield code="c">30 cm</subfield>
    </datafield>
    <datafield tag="260" ind1="#" ind2="#">
      <subfield code="a">Samarinda :</subfield>
      <subfield code="b">Puslatbang KDOD,</subfield>
      <subfield code="c">2021</subfield>
    </datafield>
    <datafield tag="084" ind1="#" ind2="#">
      <subfield code="a">LATSAR 794 2021</subfield>
    </datafield>
    <datafield tag="650" ind1="#" ind2="4">
      <subfield code="a">Pelatihan Dasar</subfield>
    </datafield>
    <datafield tag="650" ind1="#" ind2="4">
      <subfield code="a">prajabatan</subfield>
    </datafield>
    <datafield tag="650" ind1="#" ind2="4">
      <subfield code="a">Laporan Aktualisasi</subfield>
    </datafield>
    <datafield tag="650" ind1="#" ind2="4">
      <subfield code="a">teknologi informasi</subfield>
    </datafield>
    <datafield tag="650" ind1="#" ind2="4">
      <subfield code="a">sistem  infomasi</subfield>
    </datafield>
    <datafield tag="650" ind1="#" ind2="4">
      <subfield code="a">manajemen arsip</subfield>
    </datafield>
    <datafield tag="650" ind1="#" ind2="4">
      <subfield code="a">manajemen database</subfield>
    </datafield>
    <datafield tag="650" ind1="#" ind2="4">
      <subfield code="a">informasi pemilihan umum</subfield>
    </datafield>
    <datafield tag="650" ind1="#" ind2="4">
      <subfield code="a">komisi pemilihan umum</subfield>
    </datafield>
    <datafield tag="520" ind1="#" ind2="#">
      <subfield code="a">Laporan Aktualisasi Pelatihan Dasar ini didasarkan pada isu belum terorganisasinya pengelolaan data, informasi, serta dokumentasi Pemilu dan Pemilihan, sehingga dibuat 5 kegiatan berdasarkan nilai ANEKA (Akuntabilitas, Nasionalisme, Etika public, Komitmen Mutu dan Anti korupsi), yaitu : menganalisis data informasi dan dokumentasi dikelola di sub bagian teknis hupmas, membuat standar pengelolaan dan penyimpanan data, informasi dan dokumentasi (TRANSFORMASI), melaksanakan penerapan TRANSFORMASI terhadap data, informasi dan dokumentasi yang dikelola di sub bagian teknis dan hupmas, mensosialisasikan TRANSFORMASI kepada rekan kerja dan mentor, serta mengevaluasi TRANSFORMASI yang sudah dibuat untuk disosialisasikan. Kegiatan ini dilaksanakan dari tanggal 1 Oktober 2021-19 November 2021</subfield>
    </datafield>
    <datafield tag="500" ind1="#" ind2="#">
      <subfield code="a">Coach : Radiatun Humairah, S.Psi,M.Si&#13;
Penguji : Dr.M.Harry Rahmadi, M.M&#13;
Mentor : Sri Ramadhaningsih, S.E</subfield>
    </datafield>
    <datafield tag="990" ind1="#" ind2="#">
      <subfield code="a">LATSAR/794/2021</subfield>
    </datafield>
  </record>
</collection>
